• 首页
  • 本馆介绍
  • 公告通知
  • 最新文献
  • 馆藏检索
  • 电子资源
  • 读者导购
  • 参考咨询
  • 我的图书馆
  • 登录
  • 详细信息显示
  • 放入我的书架
  • 预约/预借图书
  • 作者相关作品
  • 分类相关作品
  • 丛书相关作品
  • 出版社相关作品

书目信息

  • 表格格式
  • 工作单格式
  • 卡片格式
题名:
梁启超家书
    
 
作者: 梁启超 著
分册:  
出版信息: 北京   中国华侨出版社  2022
页数: 228页
开本: 24cm
丛书名:
单 册:
中图分类: B259.11
科图分类:
主题词:
电子资源:
ISBN: 978-7-5113-8733-2
000 00766nam0 2200217 450
001 2350767611
005 20231205140618.04
010    @a978-7-5113-8733-2@dCNY49.80
100    @a20221012d2022 em y0chiy50 ea
101 0  @achi
102    @aCN@b110000
105    @ay z 000ed
200 1  @a梁启超家书@Aliang qi chao jia shu@f梁启超著
210    @a北京@c中国华侨出版社@d2022
215    @a228页@d24cm
330    @a本书按照时间顺序选取了142封梁启超致几个孩子的书信,在信中我们不仅可以看到拳拳的父爱之心和精深的教育理念,也能体会到作为著名的思想家和教育家要求孩子们严以律己的淳朴家风。
600  0 @a梁启超@f(1873-1929)@x书信集
690    @aB259.11@v5
701  0 @a梁启超@Aliang qi chao@f(1873-1929)@4著
801  0 @aCN@b91MARC@c20221013
905    @aZUCC@dB259.11@e7
    
    梁启超家书/梁启超著.-北京:中国华侨出版社,2022
    228页;24cm
    
    
    ISBN 978-7-5113-8733-2:CNY49.80
    本书按照时间顺序选取了142封梁启超致几个孩子的书信,在信中我们不仅可以看到拳拳的父爱之心和精深的教育理念,也能体会到作为著名的思想家和教育家要求孩子们严以律己的淳朴家风。
●
相关链接 在五车中查询图书 在当当中查询图书 在豆瓣中查询图书


正题名:梁启超家书     索取号:B259.11/7         预约/预借

序号 登录号 条形码 馆藏地/架位号 状态 备注
1 2001266737   2001266737   辽宁北方(第一批)/辽宁北方(第一批)/307/ [索取号:B259.11/7] 在馆    
2 2001266738   2001266738   辽宁北方(第一批)/辽宁北方(第一批)/307/ [索取号:B259.11/7] 在馆    
3 2001266739   2001266739   辽宁北方(第一批)/辽宁北方(第一批)/307/ [索取号:B259.11/7] 在馆    
4 2001266740   2001266740   辽宁北方(第一批)/辽宁北方(第一批)/307/ [索取号:B259.11/7] 在馆    
5 2001266741   2001266741   辽宁北方(第一批)/辽宁北方(第一批)/307/ [索取号:B259.11/7] 在馆    
6 2001266742   2001266742   辽宁北方(第一批)/辽宁北方(第一批)/307/ [索取号:B259.11/7] 在馆    
山东省滨州职业学院图书馆 欢迎您!
大连网信软件有限公司© 版权所有